Basic accounting and cost accounting/

Сохранить в:
Библиографические подробности
Главный автор: Grant, Eugene L.
Другие авторы: Bell, Lawrance F.
Формат:
Опубликовано: New York: McGraw-Hill Book Company, c1964.
Редактирование:2nd ed.
Предметы:
Метки: Добавить метку
Нет меток, Требуется 1-ая метка записи!

MARC

LEADER 00000nam a22000007a 4500
005 20250926144527.0
020 |a NA  |c TZS 20,00/= 
040 |a MCCL  |b eng.  |e AACR 2nd rev. ed. 
082 |a 657.42 GRA 
100 |a Grant, Eugene L. 
245 |a Basic accounting and cost accounting/  |c Eugene L. Grant, Lawrance F. Bell 
250 |a 2nd ed. 
260 |a New York:  |b McGraw-Hill Book Company,  |c c1964. 
300 |a vi,520 p.:  |b ill.;  |c 21 cm. 
504 |a includes index 
546 |a eng. 
650 |a Financial accounting 
650 |a Cost accounting 
700 |a Bell, Lawrance F. 
942 |c BK 
999 |c 11283  |d 11283